Аэрокосмический и почвенно-экологический мониторинг педосферы Земли (на примере Российской Федерации и некоторых сопредельных территорий) (Запись № 13372189)

Подробности
000 -МАРКЕР
контрольное поле 02294nam0a2200385 4500
001 - ИДЕНТИФИКАТОР ЗАПИСИ
контрольное поле RU\NLR\BIBL_A\022475910
005 - ИДЕНТИФИКАТОР ВЕРСИИ
контрольное поле 20250519150714.0
010 ## - МЕЖДУНАРОДНЫЙ СТАНДАРТНЫЙ НОМЕР КНИГИ (ISBN)
Номер (ISBN) 978-5-394-06142-4
Тираж 500
021 ## - НОМЕР ГОСУДАРСТВЕННОЙ РЕГИСТРАЦИИ
Код страны Российская Федерация
Номер КН-П-24-086249
Номер Листа государственной регистраци КН-П-24-8573
035 ## - ДРУГИЕ СИСТЕМНЫЕ НОМЕРА
Идентификатор записи (NLR Aleph) 022475910
100 ## - ДАННЫЕ ОБЩЕЙ ОБРАБОТКИ
Данные общей обработки 20250303d2024 k y0rusy50 ca
101 0# - ЯЗЫК РЕСУРСА
Язык текста, звукозаписи и т.д. русский
102 ## - СТРАНА ПУБЛИКАЦИИ ИЛИ ПРОИЗВОДСТВА
Страна публикации Российская Федерация
105 ## - ПОЛЕ КОДИРОВАННЫХ ДАННЫХ: ТЕКСТОВЫЕ МАТЕРИАЛЫ, МОНОГРАФИЧЕСКИЕ
Кодированные данные о монографическом текстовом документе ab z 010yy
181 #0 - ПОЛЕ КОДИРОВАННЫХ ДАННЫХ: ВИД СОДЕРЖАНИЯ
Код вида содержания (ISBD) i3
Код характеристики содержания (ISBD) axxe
182 #0 - ПОЛЕ КОДИРОВАННЫХ ДАННЫХ: ТИП СРЕДСТВА
Код типа средства (ISBD) n - непосредственное
200 1# - ЗАГЛАВИЕ И СВЕДЕНИЯ ОБ ОТВЕТСТВЕННОСТИ
Основное заглавие Аэрокосмический и почвенно-экологический мониторинг педосферы Земли (на примере Российской Федерации и некоторых сопредельных территорий)
Сведения, относящиеся к заглавию монография
Первые сведения об ответственности П. Н. Балабко, Т. И. Хуснетдинова, Л. Б. Метечко, А. Е. Сорокин
Последующие сведения об ответственности Московский государственный университет имени М. В. Ломоносова, Московский авиационный институт (Национальный исследовательский университет)
203 ## - ВИД СОДЕРЖАНИЯ И ТИП СРЕДСТВА
Вид содержания Текст
Дополнительные сведения об издании визуальный
Тип средства непосредственный
210 ## - ПУБЛИКАЦИЯ, РАСПРОСТРАНЕНИЕ И ДР.
Место издания, распространения и т.д. Москва
Имя издателя, распространителя и т. д. Дашков и K°
Дата издания, распространения и т.д. 2024
215 ## - ФИЗИЧЕСКАЯ ХАРАКТЕРИСТИКА
Специфическое обозначение материала и объем 275 с.
Другие сведения о физической характеристике ил., цв. ил., табл., карты
Размеры 22
225 1# - СЕРИЯ
Основное заглавие серии Научные издания
300 ## - ОБЩИЕ ПРИМЕЧАНИЯ
Текст примечания На тит. с.: К 270-летию МГУ им. М. В. Ломоносова
320 ## - ПРИМЕЧАНИЯ О НАЛИЧИИ В ДОКУМЕНТЕ БИБЛИОГРАФИИ / УКАЗАТЕЛЯ
Текст примечания Библиогр.: с. 253-275 (214 назв.) и в подстроч. примеч.
606 1# - НАИМЕНОВАНИЕ ТЕМЫ КАК ПРЕДМЕТ
Наименование темы Почвенный покров
Тематический подзаголовок Экологические исследования
-- Аэрокосмические методы
Системный номер авторитетной/нормативной записи 2667348
Идентификатор авторитетной/нормативной записи RU\NLR\AUTH\6601755375
686 1# - ИНДЕКСЫ ДРУГИХ КЛАССИФИКАЦИЙ
Индекс П031.0в93
686 1# - ИНДЕКСЫ ДРУГИХ КЛАССИФИКАЦИЙ
Индекс П035в93
701 #1 - ИМЯ ЛИЦА - АЛЬТЕРНАТИВНАЯ ОТВЕТСТВЕННОСТЬ
Начальный элемент ввода Балабко
Часть имени, кроме начального элемента ввода П. Н.
Расширение инициалов личного имени Петр Николаевич
701 #1 - ИМЯ ЛИЦА - АЛЬТЕРНАТИВНАЯ ОТВЕТСТВЕННОСТЬ
Начальный элемент ввода Хуснетдинова
Часть имени, кроме начального элемента ввода Т. И.
Расширение инициалов личного имени Тамара Ивановна
701 #1 - ИМЯ ЛИЦА - АЛЬТЕРНАТИВНАЯ ОТВЕТСТВЕННОСТЬ
Начальный элемент ввода Метечко
Часть имени, кроме начального элемента ввода Л. Б.
Расширение инициалов личного имени Людмила Борисовна
701 #1 - ИМЯ ЛИЦА - АЛЬТЕРНАТИВНАЯ ОТВЕТСТВЕННОСТЬ
Графика поля Кириллица
Материалы, к которым относится поле rus
Начальный элемент ввода Сорокин
Часть имени, кроме начального элемента ввода А. Е.
Дополнения к именам, кроме дат канд. экон. наук, экология
Расширение инициалов личного имени Андрей Евгениевич
Системный номер авторитетной/нормативной записи 171538
Идентификатор авторитетной/нормативной записи RU\NLR\AUTH\770171588
942 ## - ДОПОЛНИТЕЛЬНЫЕ ЭЛЕМЕНТЫ ЗАПИСИ (АБИС)
Тип экземпляра АБИС Книга
980 ## - КОЛЛЕКЦИЯ
Название коллекции Национальная библиография
Экземпляры
Тип экземпляра Дата поступления Источник поступления Библиотека постоянного хранения Библиотека текущего хранения Место хранения Шифр хранения Штрих-код Статус экземпляра
Книга 03.03.2025 Обязательный экземпляр РНБ (Московский) РНБ (Московский) Русский книжный фонд: издания с 1957 года 2025-5/1790 1-4862350  
Книга 03.03.2025 Обязательный экземпляр РНБ (Московский) РНБ (Московский) Русский книжный фонд 2025-5/1790 1-4862349 Доставлен в Фoнд